Nauka - technika - upravlenije

Uložené v:
Podrobná bibliografia
Hlavný autor: KAST, F. (Author)
Médium: Kniha
Jazyk:Russian
Vydané: 1966
Tagy: Pridať tag
Žiadne tagy, Buďte prvý kto otaguje tento záznam!

MARC

LEADER 00000nam a2200000 a 4500
001 000133607
005 00000000000000.0
008 040101s1966 e ruso
041 0 |a rus 
100 1 |a KAST, F.  |4 aut 
245 1 0 |a Nauka - technika - upravlenije 
260 |c 1966 
500 |a Záznam neprešiel kontrolou 
910 |a svkkk 
998 |a BK 
090 |g SCKHL  |k Sklad Pribinova 2. posch.  |a II.158083  |i 133607-10  |s Absenčne